| 000 | 00574 a2200169 4500 | ||
|---|---|---|---|
| 003 | Nust | ||
| 005 | 20170207153946.0 | ||
| 040 | _cNust | ||
| 082 | _a621.3 | ||
| 100 | _aSoni, M. L. | ||
| 245 |
_aA Course in electrical power _cM.L.Soni, P.V.Gupta, U.S.Bhatnagar |
||
| 260 |
_aDelhi _bJ.C.Kapur _c1989 |
||
| 300 | _avarious paging. | ||
| 505 | _aPart:-1 Generation (Page-1 Part 2:-Transmission and Distribution (Page-3) Part 3:- Protection and Switchgear (Page-16)Part 4:- Utilization Traction (Page-55) | ||
| 538 | _aAlmirah No.30 Shelf No.3 | ||
| 650 | _aelectrical engineering | ||
| 942 |
_2ddc _cBK |
||
| 999 |
_c190552 _d190552 |
||